000 00874cam a2200205 4500
001 B908
008 090401t1987 xxu||||| |||| 00| 0 eng d
035 _a(Sirsi) u38650
041 _aeng
050 _a692.8
110 _aJoint Contracts Tribunal
_93664
245 _aStandard form of building contract without quantities 1980 edition : amendment 3 : incorporation of : schedules of work ; contract sum analysis ; formulae for fluctuations and other amendments
260 _aLondon
_bRIBA Publications Ltd
_cMarch 1987
300 _a11p. ; 30cm.
350 _a0.5
520 _aAmendment issued for the Private without quantities version. Also applies to the local authorities without quantities version, subject to the changes set out on page 10. Copies of these 2 contracts filed at JCT 1980/4A and 1980/7A.
650 _aJCT
942 _n0
948 _c04/03/1997
999 _c90676
_d90676